[Event "Chessable Masters - Torneo preliminare"]
[White "Agrest, Evgenij"]
[Black "Sargissian, Gabriel"]
[WhiteFideId "1705024"]
[BlackFideId "13300881"]
[WhiteElo "2576"]
[BlackElo "2628"]
[Result "0-1"]
[Round "2"]
[TimeControl "600+2"]
[Date "2023.03.13"]
[WhiteClock "0:00:13"]
[BlackClock "0:01:42"]

1. Nf3 {[%clk 0:09:59]}  d5 {[%clk 0:09:59]} 2. b3 {[%clk 0:09:58]}  c5 {[%clk 0:09:57]} 3. e3 {[%clk 0:09:57]}  Nc6 {[%clk 0:09:56]} 4. Bb2 {[%clk 0:09:57]}  e6 {[%clk 0:09:54]} 5. Bb5 {[%clk 0:09:42]}  Ne7 {[%clk 0:09:51]} 6. O-O {[%clk 0:09:33]}  a6 {[%clk 0:09:51]} 7. Be2 {[%clk 0:09:34]}  Nf5 {[%clk 0:09:18]} 8. d4 {[%clk 0:08:15]}  cxd4 {[%clk 0:09:09]} 9. exd4 {[%clk 0:08:14]}  Bd6 {[%clk 0:09:08]} 10. c4 {[%clk 0:08:09]}  O-O {[%clk 0:09:08]} 11. g3 {[%clk 0:07:44]}  dxc4 {[%clk 0:09:02]} 12. bxc4 {[%clk 0:07:42]}  b5 {[%clk 0:09:04]} 13. d5 {[%clk 0:07:03]}  Na5 {[%clk 0:08:51]} 14. cxb5 {[%clk 0:06:49]}  axb5 {[%clk 0:08:36]} 15. Bxb5 {[%clk 0:06:36]}  exd5 {[%clk 0:08:20]} 16. Nbd2 {[%clk 0:05:20]}  Be6 {[%clk 0:08:13]} 17. Nd4 {[%clk 0:04:53]}  Nxd4 {[%clk 0:07:57]} 18. Bxd4 {[%clk 0:04:51]}  Nc4 {[%clk 0:07:32]} 19. Nxc4 {[%clk 0:04:44]}  dxc4 {[%clk 0:07:33]} 20. a4 {[%clk 0:04:45]}  Qc7 {[%clk 0:07:26]} 21. Rc1 {[%clk 0:04:28]}  Rfd8 {[%clk 0:07:18]} 22. Qf3 {[%clk 0:04:20]}  Rac8 {[%clk 0:07:02]} 23. Qe3 {[%clk 0:04:06]}  Bc5 {[%clk 0:06:37]} 24. Bxc5 {[%clk 0:03:44]}  Qxc5 {[%clk 0:06:38]} 25. Qxc5 {[%clk 0:03:44]}  Rxc5 {[%clk 0:06:40]} 26. Rc3 {[%clk 0:03:45]}  Kf8 {[%clk 0:06:29]} 27. Rfc1 {[%clk 0:03:43]}  Rdc8 {[%clk 0:06:26]} 28. f3 {[%clk 0:03:40]}  Ke7 {[%clk 0:06:24]} 29. Kf2 {[%clk 0:03:40]}  g5 {[%clk 0:05:53]} 30. Rd1 {[%clk 0:03:34]}  h5 {[%clk 0:05:47]} 31. Rd4 {[%clk 0:03:32]}  Re5 {[%clk 0:04:59]} 32. f4 {[%clk 0:03:25]}  gxf4 {[%clk 0:04:58]} 33. gxf4 {[%clk 0:03:24]}  Rec5 {[%clk 0:04:58]} 34. Ke3 {[%clk 0:03:16]}  h4 {[%clk 0:04:59]} 35. Kd2 {[%clk 0:02:56]}  h3 {[%clk 0:04:57]} 36. Re3 {[%clk 0:02:50]}  c3+ {[%clk 0:04:52]} 37. Kc1 {[%clk 0:02:49]}  c2 {[%clk 0:04:35]} 38. Rd2 {[%clk 0:02:43]}  Kf6 {[%clk 0:04:07]} 39. Ree2 {[%clk 0:02:38]}  Bf5 {[%clk 0:04:00]} 40. Rd6+ {[%clk 0:02:32]}  Kg7 {[%clk 0:04:00]} 41. Re3 {[%clk 0:02:30]}  Rc3 {[%clk 0:03:51]} 42. Rxc3 {[%clk 0:02:09]}  Rxc3 {[%clk 0:03:53]} 43. Bd7 {[%clk 0:02:08]}  Be4 {[%clk 0:03:45]} 44. Rd4 {[%clk 0:01:06]}  f5 {[%clk 0:03:43]} 45. a5 {[%clk 0:00:47]}  Ra3 {[%clk 0:03:06]} 46. Ra4 {[%clk 0:00:31]}  Rd3 {[%clk 0:02:25]} 47. Rxe4 {[%clk 0:00:29]}  fxe4 {[%clk 0:02:23]} 48. Bf5 {[%clk 0:00:29]}  Rd4 {[%clk 0:02:07]} 49. a6 {[%clk 0:00:24]}  e3 {[%clk 0:01:57]} 50. Bg4 {[%clk 0:00:23]}  Rxf4 {[%clk 0:01:51]} 51. a7 {[%clk 0:00:19]}  Ra4 {[%clk 0:01:52]} 52. Kxc2 {[%clk 0:00:15]}  Rxa7 {[%clk 0:01:52]} 53. Bxh3 {[%clk 0:00:15]}  Kf6 {[%clk 0:01:42]} 54. Kd3 {[%clk 0:00:13]}  Ke5 {[%clk 0:01:42]} 0-1


[Site "Internet"]

[Event "Chessable Masters - Torneo preliminare"]
[White "Malakhov, Vladimir"]
[Black "Sharapov, Evgeny"]
[WhiteFideId "4120787"]
[BlackFideId "14103133"]
[WhiteElo "2666"]
[BlackElo "2337"]
[Result "1-0"]
[Round "2"]
[TimeControl "600+2"]
[Date "2023.03.13"]
[WhiteClock "0:02:35"]
[BlackClock "0:06:31"]

1. e4 {[%clk 0:10:01]}  c5 {[%clk 0:10:00]} 2. Nf3 {[%clk 0:10:01]}  d6 {[%clk 0:10:01]} 3. Bb5+ {[%clk 0:09:57]}  Nd7 {[%clk 0:10:02]} 4. d4 {[%clk 0:09:47]}  cxd4 {[%clk 0:10:02]} 5. Nxd4 {[%clk 0:09:47]}  Nf6 {[%clk 0:10:01]} 6. O-O {[%clk 0:09:47]}  a6 {[%clk 0:09:56]} 7. Bd3 {[%clk 0:09:45]}  e6 {[%clk 0:09:56]} 8. c4 {[%clk 0:09:45]}  Be7 {[%clk 0:09:57]} 9. Nc3 {[%clk 0:09:44]}  O-O {[%clk 0:09:58]} 10. Be3 {[%clk 0:09:12]}  Qc7 {[%clk 0:09:58]} 11. Rc1 {[%clk 0:09:12]}  b6 {[%clk 0:09:59]} 12. f3 {[%clk 0:09:11]}  Bb7 {[%clk 0:10:00]} 13. Qd2 {[%clk 0:09:12]}  Rac8 {[%clk 0:09:57]} 14. Rfd1 {[%clk 0:09:12]}  Qb8 {[%clk 0:09:55]} 15. Bf1 {[%clk 0:09:09]}  Bd8 {[%clk 0:09:51]} 16. Kh1 {[%clk 0:08:47]}  Bc7 {[%clk 0:09:51]} 17. h3 {[%clk 0:08:45]}  Rfe8 {[%clk 0:09:40]} 18. Qf2 {[%clk 0:08:28]}  Ne5 {[%clk 0:09:07]} 19. b4 {[%clk 0:08:03]}  h5 {[%clk 0:08:57]} 20. Nb3 {[%clk 0:07:48]}  Ba8 {[%clk 0:08:50]} 21. c5 {[%clk 0:06:50]}  b5 {[%clk 0:08:17]} 22. cxd6 {[%clk 0:06:47]}  Bxd6 {[%clk 0:08:13]} 23. Ba7 {[%clk 0:06:36]}  Qc7 {[%clk 0:08:08]} 24. Nxb5 {[%clk 0:06:27]}  axb5 {[%clk 0:07:47]} 25. Rxc7 {[%clk 0:06:25]}  Bxc7 {[%clk 0:07:47]} 26. Bxb5 {[%clk 0:06:11]}  Red8 {[%clk 0:07:48]} 27. Rc1 {[%clk 0:05:55]}  Bd6 {[%clk 0:07:33]} 28. Rxc8 {[%clk 0:05:48]}  Rxc8 {[%clk 0:07:33]} 29. Qd4 {[%clk 0:05:08]}  Bc7 {[%clk 0:07:22]} 30. Bb6 {[%clk 0:04:38]}  Bb8 {[%clk 0:07:15]} 31. a4 {[%clk 0:04:27]}  h4 {[%clk 0:07:12]} 32. a5 {[%clk 0:03:44]}  Nc6 {[%clk 0:07:11]} 33. Bxc6 {[%clk 0:03:31]}  Bxc6 {[%clk 0:07:12]} 34. Qc4 {[%clk 0:03:11]}  Bb7 {[%clk 0:07:08]} 35. Nc5 {[%clk 0:03:10]}  Nh5 {[%clk 0:07:04]} 36. a6 {[%clk 0:03:03]}  Ng3+ {[%clk 0:07:04]} 37. Kg1 {[%clk 0:03:01]}  Ba8 {[%clk 0:07:05]} 38. Qd3 {[%clk 0:02:53]}  Bf4 {[%clk 0:07:00]} 39. Kf2 {[%clk 0:02:46]}  Nh1+ {[%clk 0:06:56]} 40. Ke1 {[%clk 0:02:45]}  Bg3+ {[%clk 0:06:52]} 41. Kd2 {[%clk 0:02:44]}  Bf4+ {[%clk 0:06:52]} 42. Kc3 {[%clk 0:02:44]}  Be5+ {[%clk 0:06:51]} 43. Kb3 {[%clk 0:02:44]}  Ng3 {[%clk 0:06:40]} 44. Qd7 {[%clk 0:02:42]}  Rb8 {[%clk 0:06:34]} 45. Bc7 {[%clk 0:02:39]}  Bxc7 {[%clk 0:06:33]} 46. Qxc7 {[%clk 0:02:39]}  Re8 {[%clk 0:06:33]} 47. b5 {[%clk 0:02:37]}  Ne2 {[%clk 0:06:31]} 48. Kc4 {[%clk 0:02:35]} 1-0


[Site "Internet"]

[Event "Chessable Masters - Torneo preliminare"]
[White "Hambleton, Aman"]
[Black "Bachmann, Axel"]
[WhiteFideId "2606577"]
[BlackFideId "3700488"]
[WhiteElo "2447"]
[BlackElo "2618"]
[Result "0-1"]
[Round "2"]
[TimeControl "600+2"]
[Date "2023.03.13"]
[WhiteClock "0:00:05"]
[BlackClock "0:02:25"]

1. d4 {[%clk 0:10:01]}  Nf6 {[%clk 0:08:55]} 2. c4 {[%clk 0:10:01]}  e6 {[%clk 0:08:56]} 3. Nc3 {[%clk 0:10:02]}  Bb4 {[%clk 0:08:57]} 4. Qc2 {[%clk 0:10:03]}  d6 {[%clk 0:08:52]} 5. a3 {[%clk 0:09:26]}  Bxc3+ {[%clk 0:08:52]} 6. Qxc3 {[%clk 0:09:28]}  Nc6 {[%clk 0:08:47]} 7. Nf3 {[%clk 0:08:34]}  Qe7 {[%clk 0:08:29]} 8. b4 {[%clk 0:08:18]}  Ne4 {[%clk 0:07:51]} 9. Qc2 {[%clk 0:08:07]}  f5 {[%clk 0:07:48]} 10. e3 {[%clk 0:07:40]}  O-O {[%clk 0:07:15]} 11. Bd3 {[%clk 0:07:33]}  e5 {[%clk 0:07:16]} 12. b5 {[%clk 0:06:13]}  Na5 {[%clk 0:07:16]} 13. dxe5 {[%clk 0:03:32]}  dxe5 {[%clk 0:07:18]} 14. Bb2 {[%clk 0:02:46]}  Nxf2 {[%clk 0:06:59]} 15. Qxf2 {[%clk 0:01:01]}  e4 {[%clk 0:06:59]} 16. Be2 {[%clk 0:01:02]}  exf3 {[%clk 0:06:53]} 17. gxf3 {[%clk 0:01:04]}  Be6 {[%clk 0:06:44]} 18. Rg1 {[%clk 0:00:56]}  Rf7 {[%clk 0:06:44]} 19. Rc1 {[%clk 0:00:51]}  Rd8 {[%clk 0:06:36]} 20. f4 {[%clk 0:00:32]}  Nb3 {[%clk 0:06:25]} 21. Rc2 {[%clk 0:00:06]}  Nc5 {[%clk 0:06:24]} 22. Qg2 {[%clk 0:00:02]}  Nd3+ {[%clk 0:05:53]} 23. Bxd3 {[%clk 0:00:03]}  Rxd3 {[%clk 0:05:54]} 24. Qe2 {[%clk 0:00:02]}  Bxc4 {[%clk 0:05:45]} 25. Be5 {[%clk 0:00:03]}  Bxb5 {[%clk 0:03:36]} 26. Rxc7 {[%clk 0:00:04]}  Qh4+ {[%clk 0:03:37]} 27. Rg3 {[%clk 0:00:04]}  Rxc7 {[%clk 0:03:32]} 28. Bxc7 {[%clk 0:00:05]}  Rb3 {[%clk 0:03:11]} 29. Qc2 {[%clk 0:00:06]}  Rxe3+ {[%clk 0:03:09]} 30. Kd1 {[%clk 0:00:03]}  Qh5+ {[%clk 0:02:22]} 31. Kc1 {[%clk 0:00:02]}  Re1+ {[%clk 0:02:23]} 32. Kb2 {[%clk 0:00:02]}  Re2 {[%clk 0:02:24]} 33. Be5 {[%clk 0:00:03]}  Rxc2+ {[%clk 0:02:25]} 34. Kxc2 {[%clk 0:00:05]}  Qxh2+ {[%clk 0:02:25]} 0-1


[Site "Internet"]

[Event "Chessable Masters - Torneo preliminare"]
[White "Kaufman, Lawrence"]
[Black "Ju, Wenjun"]
[WhiteFideId "2000555"]
[BlackFideId "8603006"]
[WhiteElo "2237"]
[BlackElo "2598"]
[Result "0-1"]
[Round "2"]
[TimeControl "600+2"]
[Date "2023.03.13"]
[WhiteClock "0:00:03"]
[BlackClock "0:00:12"]

1. e4 {[%clk 0:09:52]}  e5 {[%clk 0:09:52]} 2. Nf3 {[%clk 0:09:51]}  Nc6 {[%clk 0:09:53]} 3. Bc4 {[%clk 0:09:49]}  Bc5 {[%clk 0:09:53]} 4. O-O {[%clk 0:09:47]}  Nf6 {[%clk 0:09:51]} 5. d3 {[%clk 0:09:47]}  d6 {[%clk 0:09:53]} 6. c3 {[%clk 0:09:45]}  a6 {[%clk 0:09:49]} 7. a4 {[%clk 0:09:44]}  O-O {[%clk 0:09:49]} 8. Re1 {[%clk 0:09:27]}  Be6 {[%clk 0:09:45]} 9. Bxe6 {[%clk 0:09:07]}  fxe6 {[%clk 0:09:47]} 10. b4 {[%clk 0:08:35]}  Ba7 {[%clk 0:09:48]} 11. Be3 {[%clk 0:08:20]}  Bxe3 {[%clk 0:09:40]} 12. Rxe3 {[%clk 0:08:17]}  Qe8 {[%clk 0:08:12]} 13. Nbd2 {[%clk 0:08:11]}  Qg6 {[%clk 0:07:30]} 14. Nf1 {[%clk 0:07:36]}  Rf7 {[%clk 0:06:47]} 15. Ng3 {[%clk 0:06:59]}  Raf8 {[%clk 0:06:40]} 16. h3 {[%clk 0:06:49]}  Nd7 {[%clk 0:05:50]} 17. b5 {[%clk 0:06:27]}  Ne7 {[%clk 0:05:28]} 18. bxa6 {[%clk 0:06:06]}  bxa6 {[%clk 0:05:30]} 19. Rb1 {[%clk 0:06:06]}  d5 {[%clk 0:04:48]} 20. Rb7 {[%clk 0:04:50]}  Rc8 {[%clk 0:02:49]} 21. a5 {[%clk 0:03:21]}  h5 {[%clk 0:02:00]} 22. Rb2 {[%clk 0:02:36]}  Qh6 {[%clk 0:01:53]} 23. Qd2 {[%clk 0:02:08]}  Nc6 {[%clk 0:01:05]} 24. Re1 {[%clk 0:01:44]}  Qxd2 {[%clk 0:00:54]} 25. Rxd2 {[%clk 0:01:42]}  g6 {[%clk 0:00:49]} 26. Ng5 {[%clk 0:01:29]}  Rf6 {[%clk 0:00:46]} 27. Nxe6 {[%clk 0:01:13]}  dxe4 {[%clk 0:00:27]} 28. dxe4 {[%clk 0:01:09]}  Rxe6 {[%clk 0:00:22]} 29. Rxd7 {[%clk 0:01:08]}  Nxa5 {[%clk 0:00:24]} 30. Nf1 {[%clk 0:00:40]}  Nc4 {[%clk 0:00:23]} 31. Ne3 {[%clk 0:00:36]}  Nb6 {[%clk 0:00:23]} 32. Rd2 {[%clk 0:00:30]}  a5 {[%clk 0:00:23]} 33. Ra2 {[%clk 0:00:28]}  Ra8 {[%clk 0:00:22]} 34. Nd5 {[%clk 0:00:16]}  Nxd5 {[%clk 0:00:10]} 35. exd5 {[%clk 0:00:16]}  Rb6 {[%clk 0:00:10]} 36. Rxe5 {[%clk 0:00:14]}  a4 {[%clk 0:00:11]} 37. Re7 {[%clk 0:00:12]}  a3 {[%clk 0:00:09]} 38. Rxc7 {[%clk 0:00:11]}  Rb2 {[%clk 0:00:10]} 39. Ra1 {[%clk 0:00:07]}  a2 {[%clk 0:00:11]} 40. Kh2 {[%clk 0:00:03]}  Rb1 {[%clk 0:00:11]} 41. Rxa2 {[%clk 0:00:02]}  Rxa2 {[%clk 0:00:13]} 42. d6 {[%clk 0:00:03]}  Rd2 {[%clk 0:00:12]} 43. d7 {[%clk 0:00:03]}  Rbd1 {[%clk 0:00:12]} 0-1


[Site "Internet"]

[Event "Chessable Masters - Torneo preliminare"]
[White "Perez Ponsa, Federico"]
[Black "Iskusnyh, Sergei"]
[WhiteFideId "117927"]
[BlackFideId "4120027"]
[WhiteElo "2586"]
[BlackElo "2345"]
[Result "1-0"]
[Round "2"]
[TimeControl "600+2"]
[Date "2023.03.13"]
[WhiteClock "0:06:51"]
[BlackClock "0:01:02"]

1. e4 {[%clk 0:09:54]}  e6 {[%clk 0:09:58]} 2. d4 {[%clk 0:09:55]}  d5 {[%clk 0:09:52]} 3. e5 {[%clk 0:09:56]}  c5 {[%clk 0:09:45]} 4. c3 {[%clk 0:09:58]}  Nc6 {[%clk 0:09:45]} 5. Nf3 {[%clk 0:09:59]}  Nge7 {[%clk 0:09:40]} 6. Na3 {[%clk 0:10:00]}  Bd7 {[%clk 0:09:18]} 7. Nc2 {[%clk 0:09:56]}  Qa5 {[%clk 0:07:31]} 8. Bd2 {[%clk 0:09:07]}  Qb6 {[%clk 0:07:18]} 9. Rb1 {[%clk 0:09:08]}  Nf5 {[%clk 0:06:31]} 10. Bd3 {[%clk 0:08:57]}  cxd4 {[%clk 0:06:01]} 11. Bxf5 {[%clk 0:08:54]}  exf5 {[%clk 0:05:57]} 12. Ncxd4 {[%clk 0:08:30]}  Qa6 {[%clk 0:05:18]} 13. Qe2 {[%clk 0:08:27]}  Qxe2+ {[%clk 0:05:00]} 14. Kxe2 {[%clk 0:08:28]}  Nxd4+ {[%clk 0:04:54]} 15. Nxd4 {[%clk 0:08:28]}  Bc5 {[%clk 0:04:51]} 16. Nb3 {[%clk 0:08:25]}  Bb5+ {[%clk 0:04:29]} 17. Kf3 {[%clk 0:08:23]}  Be7 {[%clk 0:04:30]} 18. Nd4 {[%clk 0:08:16]}  Bd3 {[%clk 0:04:26]} 19. Rbd1 {[%clk 0:08:17]}  g5 {[%clk 0:04:24]} 20. Ke3 {[%clk 0:08:03]}  Be4 {[%clk 0:04:16]} 21. f3 {[%clk 0:08:03]}  f4+ {[%clk 0:04:16]} 22. Kf2 {[%clk 0:07:54]}  Bg6 {[%clk 0:04:14]} 23. h4 {[%clk 0:07:56]}  gxh4 {[%clk 0:03:24]} 24. Bxf4 {[%clk 0:07:55]}  O-O {[%clk 0:03:18]} 25. Be3 {[%clk 0:07:35]}  Rae8 {[%clk 0:02:25]} 26. Bh6 {[%clk 0:07:30]}  Bd8 {[%clk 0:02:11]} 27. Rhe1 {[%clk 0:07:25]}  f6 {[%clk 0:01:33]} 28. Bxf8 {[%clk 0:07:12]}  Kxf8 {[%clk 0:01:30]} 29. exf6 {[%clk 0:07:10]}  Bxf6 {[%clk 0:01:31]} 30. Rxe8+ {[%clk 0:07:03]}  Kxe8 {[%clk 0:01:31]} 31. Ne6 {[%clk 0:07:04]}  Bf7 {[%clk 0:01:20]} 32. Nc7+ {[%clk 0:07:03]}  Kf8 {[%clk 0:01:16]} 33. Nxd5 {[%clk 0:07:03]}  Be5 {[%clk 0:01:17]} 34. Ne3 {[%clk 0:07:00]}  Ke7 {[%clk 0:01:02]} 35. b3 {[%clk 0:06:51]} 1-0


[Site "Internet"]

[Event "Chessable Masters - Torneo preliminare"]
[White "Sasikiran, Krishnan"]
[Black "Huschenbeth, Niclas"]
[WhiteFideId "5004985"]
[BlackFideId "24604747"]
[WhiteElo "2559"]
[BlackElo "2566"]
[Result "1-0"]
[Round "2"]
[TimeControl "600+2"]
[Date "2023.03.13"]
[WhiteClock "0:01:47"]
[BlackClock "0:00:35"]

1. e4 {[%clk 0:10:01]}  c5 {[%clk 0:09:58]} 2. Nf3 {[%clk 0:10:02]}  d6 {[%clk 0:10:00]} 3. d4 {[%clk 0:10:03]}  cxd4 {[%clk 0:10:01]} 4. Nxd4 {[%clk 0:10:04]}  Nf6 {[%clk 0:10:03]} 5. Nc3 {[%clk 0:10:06]}  a6 {[%clk 0:10:03]} 6. Be3 {[%clk 0:10:07]}  e5 {[%clk 0:09:55]} 7. Nb3 {[%clk 0:10:06]}  Be7 {[%clk 0:09:53]} 8. f3 {[%clk 0:09:50]}  Be6 {[%clk 0:09:52]} 9. Qd2 {[%clk 0:09:50]}  O-O {[%clk 0:09:52]} 10. O-O-O {[%clk 0:09:45]}  Nbd7 {[%clk 0:09:32]} 11. g4 {[%clk 0:09:42]}  b5 {[%clk 0:09:33]} 12. g5 {[%clk 0:09:26]}  Nh5 {[%clk 0:09:34]} 13. Kb1 {[%clk 0:08:48]}  Rc8 {[%clk 0:08:08]} 14. Nd5 {[%clk 0:06:52]}  Bxd5 {[%clk 0:08:05]} 15. exd5 {[%clk 0:06:53]}  f5 {[%clk 0:05:58]} 16. Rg1 {[%clk 0:04:56]}  f4 {[%clk 0:05:00]} 17. Bf2 {[%clk 0:04:55]}  Bxg5 {[%clk 0:05:00]} 18. Bh3 {[%clk 0:04:45]}  Rc7 {[%clk 0:04:57]} 19. Qa5 {[%clk 0:04:41]}  e4 {[%clk 0:02:32]} 20. Rxg5 {[%clk 0:04:17]}  Qxg5 {[%clk 0:02:22]} 21. Qxc7 {[%clk 0:04:16]}  Ne5 {[%clk 0:02:17]} 22. Be6+ {[%clk 0:03:48]}  Kh8 {[%clk 0:02:17]} 23. Qxd6 {[%clk 0:03:48]}  Rd8 {[%clk 0:02:14]} 24. Qc7 {[%clk 0:03:32]}  e3 {[%clk 0:02:11]} 25. Be1 {[%clk 0:03:17]}  Nxf3 {[%clk 0:02:02]} 26. Ba5 {[%clk 0:03:17]}  e2 {[%clk 0:01:37]} 27. Rc1 {[%clk 0:03:16]}  Rf8 {[%clk 0:01:21]} 28. d6 {[%clk 0:02:48]}  Qe5 {[%clk 0:00:35]} 29. Qe7 {[%clk 0:02:08]}  Qf6 {[%clk 0:00:35]} 30. Bg4 {[%clk 0:01:47]} 1-0


[Site "Internet"]

[Event "Chessable Masters - Torneo preliminare"]
[White "Le, Tuan Minh"]
[Black "Artemiev, Vladislav"]
[WhiteFideId "12401153"]
[BlackFideId "24101605"]
[WhiteElo "2489"]
[BlackElo "2735"]
[Result "0-1"]
[Round "3"]
[TimeControl "600+2"]
[Date "2023.03.13"]
[WhiteClock "0:01:06"]
[BlackClock "0:03:16"]

1. d4 {[%clk 0:10:01]}  Nf6 {[%clk 0:09:45]} 2. Nf3 {[%clk 0:10:01]}  e6 {[%clk 0:09:43]} 3. Bf4 {[%clk 0:10:02]}  b6 {[%clk 0:09:32]} 4. e3 {[%clk 0:10:02]}  Bb7 {[%clk 0:09:33]} 5. c4 {[%clk 0:10:02]}  Bb4+ {[%clk 0:08:45]} 6. Nfd2 {[%clk 0:09:29]}  O-O {[%clk 0:08:46]} 7. a3 {[%clk 0:09:28]}  Be7 {[%clk 0:08:44]} 8. Nc3 {[%clk 0:09:26]}  d5 {[%clk 0:08:12]} 9. cxd5 {[%clk 0:07:12]}  Nxd5 {[%clk 0:08:12]} 10. Bg3 {[%clk 0:06:40]}  Nd7 {[%clk 0:07:16]} 11. Nf3 {[%clk 0:06:23]}  c5 {[%clk 0:07:08]} 12. Bd3 {[%clk 0:06:13]}  cxd4 {[%clk 0:07:02]} 13. Nxd5 {[%clk 0:06:06]}  Bxd5 {[%clk 0:07:02]} 14. exd4 {[%clk 0:05:49]}  f5 {[%clk 0:06:25]} 15. h3 {[%clk 0:05:41]}  f4 {[%clk 0:05:32]} 16. Bh2 {[%clk 0:05:41]}  e5 {[%clk 0:05:03]} 17. Nxe5 {[%clk 0:02:37]}  Nxe5 {[%clk 0:05:01]} 18. dxe5 {[%clk 0:02:39]}  Bxg2 {[%clk 0:04:56]} 19. Rg1 {[%clk 0:01:49]}  Qd5 {[%clk 0:04:56]} 20. Bc2 {[%clk 0:01:30]}  Qxe5+ {[%clk 0:04:18]} 21. Qe2 {[%clk 0:01:08]}  Qxe2+ {[%clk 0:04:12]} 22. Kxe2 {[%clk 0:01:10]}  f3+ {[%clk 0:04:00]} 23. Kd2 {[%clk 0:01:06]}  Rad8+ {[%clk 0:03:27]} 24. Kc3 {[%clk 0:01:06]}  Bh4 {[%clk 0:03:16]} 0-1


[Site "Internet"]

[Event "Chessable Masters - Torneo preliminare"]
[White "Martinez Alcantara, Jose Eduardo"]
[Black "Yakubboev, Nodirbek"]
[WhiteFideId "3805662"]
[BlackFideId "14203987"]
[WhiteElo "2643"]
[BlackElo "2577"]
[Result "1/2-1/2"]
[Round "3"]
[TimeControl "600+2"]
[Date "2023.03.13"]
[WhiteClock "0:00:18"]
[BlackClock "0:00:15"]

1. e4 {[%clk 0:09:57]}  e5 {[%clk 0:09:00]} 2. Nf3 {[%clk 0:09:58]}  Nc6 {[%clk 0:09:00]} 3. Nc3 {[%clk 0:09:59]}  Nf6 {[%clk 0:08:59]} 4. h3 {[%clk 0:10:00]}  d5 {[%clk 0:08:04]} 5. exd5 {[%clk 0:09:59]}  Nxd5 {[%clk 0:08:06]} 6. Bb5 {[%clk 0:10:00]}  Nxc3 {[%clk 0:08:06]} 7. bxc3 {[%clk 0:10:02]}  Bd6 {[%clk 0:08:07]} 8. d4 {[%clk 0:10:03]}  exd4 {[%clk 0:08:08]} 9. cxd4 {[%clk 0:10:04]}  O-O {[%clk 0:08:04]} 10. O-O {[%clk 0:10:06]}  Bf5 {[%clk 0:07:50]} 11. Bg5 {[%clk 0:10:05]}  Qc8 {[%clk 0:07:39]} 12. Re1 {[%clk 0:09:58]}  Nb4 {[%clk 0:06:16]} 13. Ba4 {[%clk 0:09:31]}  b5 {[%clk 0:05:27]} 14. Bb3 {[%clk 0:09:29]}  a5 {[%clk 0:05:27]} 15. a4 {[%clk 0:08:50]}  bxa4 {[%clk 0:05:20]} 16. Rxa4 {[%clk 0:08:35]}  Bd7 {[%clk 0:05:05]} 17. Ra1 {[%clk 0:08:26]}  a4 {[%clk 0:05:02]} 18. Bc4 {[%clk 0:08:26]}  Bf5 {[%clk 0:04:55]} 19. Be7 {[%clk 0:07:23]}  Re8 {[%clk 0:03:52]} 20. Bxd6 {[%clk 0:04:53]}  cxd6 {[%clk 0:03:54]} 21. Rxe8+ {[%clk 0:04:54]}  Qxe8 {[%clk 0:03:55]} 22. c3 {[%clk 0:04:56]}  d5 {[%clk 0:03:57]} 23. Bf1 {[%clk 0:04:56]}  Nc2 {[%clk 0:03:57]} 24. Ra2 {[%clk 0:04:55]}  a3 {[%clk 0:03:57]} 25. Ne5 {[%clk 0:03:43]}  Qc8 {[%clk 0:01:29]} 26. Qf3 {[%clk 0:01:30]}  Ne1 {[%clk 0:01:17]} 27. Qf4 {[%clk 0:01:16]}  f6 {[%clk 0:00:47]} 28. Nc6 {[%clk 0:01:17]}  Qxc6 {[%clk 0:00:40]} 29. Qxf5 {[%clk 0:01:18]}  g6 {[%clk 0:00:41]} 30. Qb1 {[%clk 0:01:15]}  Qxc3 {[%clk 0:00:36]} 31. Qb7 {[%clk 0:01:16]}  Rd8 {[%clk 0:00:33]} 32. Qe7 {[%clk 0:01:11]}  Ra8 {[%clk 0:00:28]} 33. Qe6+ {[%clk 0:00:48]}  Kg7 {[%clk 0:00:25]} 34. Qxd5 {[%clk 0:00:50]}  Ra7 {[%clk 0:00:23]} 35. Re2 {[%clk 0:00:18]}  Nd3 {[%clk 0:00:15]} 36. Qd8 {[%clk 0:00:16]}  a2 {[%clk 0:00:12]} 37. Re7+ {[%clk 0:00:13]}  Rxe7 {[%clk 0:00:13]} 38. Qxe7+ {[%clk 0:00:15]}  Kh6 {[%clk 0:00:14]} 39. Qf8+ {[%clk 0:00:10]}  Kg5 {[%clk 0:00:14]} 40. h4+ {[%clk 0:00:11]}  Kf5 {[%clk 0:00:12]} 41. Qf7 {[%clk 0:00:13]}  a1=Q {[%clk 0:00:09]} 42. Qd5+ {[%clk 0:00:14]}  Ne5 {[%clk 0:00:07]} 43. dxe5 {[%clk 0:00:16]}  Qxe5 {[%clk 0:00:08]} 44. Qd7+ {[%clk 0:00:16]}  Qe6 {[%clk 0:00:06]} 45. g4+ {[%clk 0:00:17]}  Ke5 {[%clk 0:00:06]} 46. f4+ {[%clk 0:00:19]}  Kxf4 {[%clk 0:00:07]} 47. Qxe6 {[%clk 0:00:20]}  Qd4+ {[%clk 0:00:08]} 48. Kh1 {[%clk 0:00:19]}  Kg3 {[%clk 0:00:09]} 49. Qe1+ {[%clk 0:00:20]}  Kxg4 {[%clk 0:00:09]} 50. Be2+ {[%clk 0:00:20]}  Kf4 {[%clk 0:00:10]} 51. Qf1+ {[%clk 0:00:21]}  Ke5 {[%clk 0:00:12]} 52. Qe1 {[%clk 0:00:21]}  Qe3 {[%clk 0:00:11]} 53. Kg2 {[%clk 0:00:19]}  Qe4+ {[%clk 0:00:11]} 54. Kg1 {[%clk 0:00:20]}  Qe3+ {[%clk 0:00:12]} 55. Kg2 {[%clk 0:00:21]}  Qe4+ {[%clk 0:00:14]} 56. Kh2 {[%clk 0:00:14]}  Qf4+ {[%clk 0:00:13]} 57. Qg3 {[%clk 0:00:13]}  g5 {[%clk 0:00:10]} 58. hxg5 {[%clk 0:00:12]}  fxg5 {[%clk 0:00:11]} 59. Kh3 {[%clk 0:00:12]}  Qxg3+ {[%clk 0:00:11]} 60. Kxg3 {[%clk 0:00:13]}  Kf6 {[%clk 0:00:12]} 61. Kg4 {[%clk 0:00:15]}  h5+ {[%clk 0:00:14]} 62. Kxh5 {[%clk 0:00:16]}  g4 {[%clk 0:00:15]} 63. Kxg4 {[%clk 0:00:18]} 1/2-1/2


[Site "Internet"]